000 00859nam a2200241Ia 4500
003 OSt
005 20220925215443.0
006 a|||||r|||| 00| 0
007 ta
008 220923b |||||||| |||| 00| 0 eng d
037 _cGeneral Book
040 _aRTL
_cRTL
_beng
041 _2eng
_aeng
082 _aB42, K7.2
100 _aCaratheodory C
_948400
245 0 _aCalculus of variations and partial differential equation of the first oder part II
_b Calculus of variations
260 _aLondon
_bHolden-day inc
_c1967
300 _axvi,398p.
_ccm.
490 _vV2: Calculus of variatons Tr by Robert B Dean and ed by Julius J Brandstatter
_aHolden-Day Series in Mathematical Physics Ed by Julius J Brandstatter
650 _aSpecial Functions
942 _hB42, K7.2
_cGB
_2CC
999 _c568845
_d568845